Ballon d'Or Nominees Since 2000 - Statistics

General Stats
  • This quiz has been taken 669 times
  • The average score is 602 of 837
Answer Stats
Year R Player Nation Club % Correct
2023 1 Lionel Messi Argentina Inter Miami
98%
2021 1 Lionel Messi Argentina Barcelona/Paris Saint-Germain
98%
2019 1 Lionel Messi Argentina Barcelona
98%
2018 5 Lionel Messi Argentina Barcelona
98%
2017 2 Lionel Messi Argentina Barcelona
98%
2016 2 Lionel Messi Argentina Barcelona
98%
2015 1 Lionel Messi Argentina Barcelona
98%
2014 2 Lionel Messi Argentina Barcelona
98%
2013 2 Lionel Messi Argentina Barcelona
98%
2012 1 Lionel Messi Argentina Barcelona
98%
2011 1 Lionel Messi Argentina Barcelona
98%
2010 1 Lionel Messi Argentina Barcelona
98%
2009 1 Lionel Messi Argentina Barcelona
98%
2008 2 Lionel Messi Argentina Barcelona
98%
2007 3 Lionel Messi Argentina Barcelona
98%
2006 20 Lionel Messi Argentina Barcelona
98%
2022 20 Cristiano Ronaldo Portugal Juventus/Manchester United
97%
2021 6 Cristiano Ronaldo Portugal Juventus/Manchester United
97%
2019 3 Cristiano Ronaldo Portugal Juventus
97%
2018 2 Cristiano Ronaldo Portugal Real Madrid/Juventus
97%
2017 1 Cristiano Ronaldo Portugal Real Madrid
97%
2016 1 Cristiano Ronaldo Portugal Real Madrid
97%
2015 2 Cristiano Ronaldo Portugal Real Madrid
97%
2014 1 Cristiano Ronaldo Portugal Real Madrid
97%
2013 1 Cristiano Ronaldo Portugal Real Madrid
97%
2012 2 Cristiano Ronaldo Portugal Real Madrid
97%
2011 2 Cristiano Ronaldo Portugal Real Madrid
97%
2010 6 Cristiano Ronaldo Portugal Real Madrid
97%
2009 2 Cristiano Ronaldo Portugal Manchester United/Real Madrid
97%
2008 1 Cristiano Ronaldo Portugal Manchester United
97%
2007 2 Cristiano Ronaldo Portugal Manchester United
97%
2006 14 Cristiano Ronaldo Portugal Manchester United
97%
2005 20 Cristiano Ronaldo Portugal Manchester United
97%
2004 12 Cristiano Ronaldo Portugal Manchester United
97%
2024 6 Kylian Mbappé France Paris Saint-Germain/Real Madrid
97%
2023 3 Kylian Mbappé France Paris Saint-Germain
97%
2022 6 Kylian Mbappé France Paris Saint-Germain
97%
2021 9 Kylian Mbappé France Paris Saint-Germain
97%
2019 6 Kylian Mbappé France Paris Saint-Germain
97%
2018 4 Kylian Mbappé France Paris Saint-Germain
97%
2017 7 Kylian Mbappé France Monaco/Paris Saint-Germain
97%
2003 27 Oliver Kahn Germany Bayern Munich
97%
2002 3 Oliver Kahn Germany Bayern Munich
97%
2001 3 Oliver Kahn Germany Bayern Munich
97%
2000 24 Oliver Kahn Germany Bayern Munich
97%
2024 1 Rodri Spain Manchester City
97%
2023 5 Rodri Spain Manchester City
97%
2005 25 Ronaldo Brazil Real Madrid
97%
2004 30 Ronaldo Brazil Real Madrid
97%
2003 11 Ronaldo Brazil Real Madrid
97%
2002 1 Ronaldo Brazil Inter Milan/Real Madrid
97%
2024 5 Erling Haaland Norway Manchester City
96%
2023 2 Erling Haaland Norway Manchester City
96%
2022 10 Erling Haaland Norway Borussia Dortmund
96%
2021 11 Erling Haaland Norway Borussia Dortmund
96%
2024 2 Vinícius Júnior Brazil Real Madrid
96%
2023 6 Vinícius Júnior Brazil Real Madrid
96%
2022 8 Vinícius Júnior Brazil Real Madrid
96%
2024 3 Jude Bellingham England Real Madrid
95%
2023 18 Jude Bellingham England Borussia Dortmund/Real Madrid
95%
2023 16 Karim Benzema France Real Madrid/Al-Ittihad
95%
2022 1 Karim Benzema France Real Madrid
95%
2021 4 Karim Benzema France Real Madrid
95%
2019 26 Karim Benzema France Real Madrid
95%
2018 17 Karim Benzema France Real Madrid
95%
2017 25 Karim Benzema France Real Madrid
95%
2015 20 Karim Benzema France Real Madrid
95%
2014 16 Karim Benzema France Real Madrid
95%
2012 22 Karim Benzema France Real Madrid
95%
2011 20 Karim Benzema France Real Madrid
95%
2009 30 Karim Benzema France Lyon/Real Madrid
95%
2008 26 Karim Benzema France Lyon
95%
2023 4 Kevin De Bruyne Belgium Manchester City
95%
2022 3 Kevin De Bruyne Belgium Manchester City
95%
2021 8 Kevin De Bruyne Belgium Manchester City
95%
2019 14 Kevin De Bruyne Belgium Manchester City
95%
2018 9 Kevin De Bruyne Belgium Manchester City
95%
2017 14 Kevin De Bruyne Belgium Manchester City
95%
2016 20 Kevin De Bruyne Belgium Manchester City
95%
2015 18 Kevin De Bruyne Belgium Wolfsburg/Manchester City
95%
2023 10 Luka Modrić Croatia Real Madrid
95%
2022 9 Luka Modrić Croatia Real Madrid
95%
2021 29 Luka Modrić Croatia Real Madrid
95%
2018 1 Luka Modrić Croatia Real Madrid
95%
2017 5 Luka Modrić Croatia Real Madrid
95%
2016 17 Luka Modrić Croatia Real Madrid
95%
2023 11 Mohamed Salah Egypt Liverpool
95%
2022 5 Mohamed Salah Egypt Liverpool
95%
2021 7 Mohamed Salah Egypt Liverpool
95%
2019 5 Mohamed Salah Egypt Liverpool
95%
2018 6 Mohamed Salah Egypt Liverpool
95%
2023 12 Robert Lewandowski Poland Barcelona
95%
2022 4 Robert Lewandowski Poland Bayern Munich
95%
2021 2 Robert Lewandowski Poland Bayern Munich
95%
2019 8 Robert Lewandowski Poland Bayern Munich
95%
2017 9 Robert Lewandowski Poland Bayern Munich
95%
2016 16 Robert Lewandowski Poland Bayern Munich
95%
2015 4 Robert Lewandowski Poland Bayern Munich
95%
2013 13 Robert Lewandowski Poland Borussia Dortmund
95%
2024 9 Toni Kroos Germany Real Madrid
95%
2017 17 Toni Kroos Germany Real Madrid
95%
2016 17 Toni Kroos Germany Real Madrid
95%
2015 21 Toni Kroos Germany Real Madrid
95%
2014 9 Toni Kroos Germany Bayern Munich/Real Madrid
95%
2024 10 Harry Kane England Bayern Munich
94%
2023 19 Harry Kane England Tottenham Hotspur
94%
2022 21 Harry Kane England Tottenham Hotspur
94%
2021 23 Harry Kane England Tottenham Hotspur
94%
2018 10 Harry Kane England Tottenham Hotspur
94%
2017 10 Harry Kane England Tottenham Hotspur
94%
2022 2 Sadio Mané Senegal Liverpool
94%
2019 4 Sadio Mané Senegal Liverpool
94%
2018 22 Sadio Mané Senegal Liverpool
94%
2017 23 Sadio Mané Senegal Liverpool
94%
2013 21 Thiago Silva Brazil Paris Saint-Germain
94%
2023 21 Antoine Griezmann France Atlético Madrid
93%
2019 18 Antoine Griezmann France Atlético Madrid/Barcelona
93%
2018 3 Antoine Griezmann France Atlético Madrid
93%
2017 18 Antoine Griezmann France Atlético Madrid
93%
2016 3 Antoine Griezmann France Atlético Madrid
93%
2023 9 Bernardo Silva Portugal Manchester City
93%
2022 22 Bernardo Silva Portugal Manchester City
93%
2019 9 Bernardo Silva Portugal Manchester City
93%
2024 18 Emiliano Martínez Argentina Aston Villa
93%
2023 15 Emiliano Martínez Argentina Aston Villa
93%
2024 7 Lautaro Martínez Argentina Inter Milan
93%
2023 20 Lautaro Martínez Argentina Inter Milan
93%
2021 21 Lautaro Martínez Argentina Inter Milan
93%
2021 16 Neymar Brazil Paris Saint-Germain
93%
2018 12 Neymar Brazil Paris Saint-Germain
93%
2017 3 Neymar Brazil Barcelona/Paris Saint-Germain
93%
2016 5 Neymar Brazil Barcelona
93%
2015 3 Neymar Brazil Barcelona
93%
2014 7 Neymar Brazil Barcelona
93%
2013 5 Neymar Brazil Santos/Barcelona
93%
2012 13 Neymar Brazil Santos
93%
2011 10 Neymar Brazil Santos
93%
2022 11 Son Heung-min South Korea Tottenham Hotspur
93%
2019 22 Son Heung-min South Korea Tottenham Hotspur
93%
2012 8 Didier Drogba Ivory Coast Chelsea/Shanghai Shenhua
92%
2010 9 Didier Drogba Ivory Coast Chelsea
92%
2009 9 Didier Drogba Ivory Coast Chelsea
92%
2008 21 Didier Drogba Ivory Coast Chelsea
92%
2007 4 Didier Drogba Ivory Coast Chelsea
92%
2006 8 Didier Drogba Ivory Coast Chelsea
92%
2005 14 Didier Drogba Ivory Coast Chelsea
92%
2004 17 Didier Drogba Ivory Coast Marseille/Chelsea
92%
2019 13 Eden Hazard Belgium Chelsea/Real Madrid
92%
2018 8 Eden Hazard Belgium Chelsea
92%
2017 19 Eden Hazard Belgium Chelsea
92%
2015 8 Eden Hazard Belgium Chelsea
92%
2013 22 Eden Hazard Belgium Chelsea
92%
2022 7 Thibaut Courtois Belgium Real Madrid
92%
2018 14 Thibaut Courtois Belgium Chelsea/Real Madrid
92%
2014 20 Thibaut Courtois Belgium Atlético Madrid/Chelsea
92%
2022 16 Virgil van Dijk Netherlands Liverpool
92%
2019 2 Virgil van Dijk Netherlands Liverpool
92%
2013 14 Xavi Hernández Spain Barcelona
92%
2012 4 Xavi Hernández Spain Barcelona
92%
2011 3 Xavi Hernández Spain Barcelona
92%
2010 3 Xavi Hernández Spain Barcelona
92%
2009 3 Xavi Hernández Spain Barcelona
92%
2008 5 Xavi Hernández Spain Barcelona
92%
2005 25 Xavi Hernández Spain Barcelona
92%
2016 20 Andrés Iniesta Spain Barcelona
91%
2015 9 Andrés Iniesta Spain Barcelona
91%
2014 17 Andrés Iniesta Spain Barcelona
91%
2013 6 Andrés Iniesta Spain Barcelona
91%
2012 3 Andrés Iniesta Spain Barcelona
91%
2011 4 Andrés Iniesta Spain Barcelona
91%
2010 2 Andrés Iniesta Spain Barcelona
91%
2009 4 Andrés Iniesta Spain Barcelona
91%
2021 17 Luis Suárez Uruguay Atlético Madrid
91%
2018 13 Luis Suárez Uruguay Barcelona
91%
2017 13 Luis Suárez Uruguay Barcelona
91%
2016 4 Luis Suárez Uruguay Barcelona
91%
2015 5 Luis Suárez Uruguay Barcelona
91%
2013 19 Luis Suárez Uruguay Liverpool
91%
2011 6 Luis Suárez Uruguay Ajax/Liverpool
91%
2016 20 Manuel Neuer Germany Bayern Munich
91%
2015 7 Manuel Neuer Germany Bayern Munich
91%
2014 3 Manuel Neuer Germany Bayern Munich
91%
2013 23 Manuel Neuer Germany Bayern Munich
91%
2012 19 Manuel Neuer Germany Bayern Munich
91%
2024 11 Phil Foden England Manchester City
91%
2022 22 Phil Foden England Manchester City
91%
2021 25 Phil Foden England Manchester City
91%
2014 6 Philipp Lahm Germany Bayern Munich
91%
2013 14 Philipp Lahm Germany Bayern Munich
91%
2010 22 Philipp Lahm Germany Bayern Munich
91%
2006 25 Philipp Lahm Germany Bayern Munich
91%
2016 13 Zlatan Ibrahimović Sweden Paris Saint-Germain/Manchester United
91%
2015 11 Zlatan Ibrahimović Sweden Paris Saint-Germain
91%
2014 13 Zlatan Ibrahimović Sweden Paris Saint-Germain
91%
2013 4 Zlatan Ibrahimović Sweden Paris Saint-Germain
91%
2012 10 Zlatan Ibrahimović Sweden Milan/Paris Saint-Germain
91%
2009 7 Zlatan Ibrahimović Sweden Inter Milan/Barcelona
91%
2008 8 Zlatan Ibrahimović Sweden Inter Milan
91%
2007 7 Zlatan Ibrahimović Sweden Inter Milan
91%
2005 8 Zlatan Ibrahimović Sweden Juventus
91%
2004 14 Zlatan Ibrahimović Sweden Ajax/Juventus
91%
2003 20 Zlatan Ibrahimović Sweden Ajax
91%
2015 22 Arjen Robben Netherlands Bayern Munich
90%
2014 4 Arjen Robben Netherlands Bayern Munich
90%
2013 8 Arjen Robben Netherlands Bayern Munich
90%
2010 14 Arjen Robben Netherlands Bayern Munich
90%
2006 27 Arjen Robben Netherlands Chelsea
90%
2005 25 Arjen Robben Netherlands Chelsea
90%
2018 17 Gareth Bale Wales Real Madrid
90%
2016 6 Gareth Bale Wales Real Madrid
90%
2015 16 Gareth Bale Wales Real Madrid
90%
2014 12 Gareth Bale Wales Real Madrid
90%
2013 9 Gareth Bale Wales Tottenham Hotspur/Real Madrid
90%
2017 4 Gianluigi Buffon Italy Juventus
90%
2016 9 Gianluigi Buffon Italy Juventus
90%
2012 16 Gianluigi Buffon Italy Juventus
90%
2008 18 Gianluigi Buffon Italy Juventus
90%
2007 19 Gianluigi Buffon Italy Juventus
90%
2006 2 Gianluigi Buffon Italy Juventus
90%
2005 19 Gianluigi Buffon Italy Juventus
90%
2004 17 Gianluigi Buffon Italy Juventus
90%
2003 9 Gianluigi Buffon Italy Juventus
90%
2001 28 Gianluigi Buffon Italy Parma/Juventus
90%
2009 15 Thierry Henry France Barcelona
90%
2007 19 Thierry Henry France Arsenal/Barcelona
90%
2006 3 Thierry Henry France Arsenal
90%
2005 4 Thierry Henry France Arsenal
90%
2004 4 Thierry Henry France Arsenal
90%
2003 2 Thierry Henry France Arsenal
90%
2002 6 Thierry Henry France Arsenal
90%
2001 9 Thierry Henry France Arsenal
90%
2000 4 Thierry Henry France Arsenal
90%
2024 4 Dani Carvajal Spain Real Madrid
89%
2009 6 Kaká Brazil Milan/Real Madrid
89%
2008 9 Kaká Brazil Milan
89%
2007 1 Kaká Brazil Milan
89%
2006 11 Kaká Brazil Milan
89%
2005 9 Kaká Brazil Milan
89%
2004 15 Kaká Brazil Milan
89%
2024 8 Lamine Yamal Spain Barcelona
89%
2021 5 N'Golo Kanté France Chelsea
89%
2018 11 N'Golo Kanté France Chelsea
89%
2017 8 N'Golo Kanté France Chelsea
89%
2022 12 Riyad Mahrez Algeria Manchester City
89%
2021 19 Riyad Mahrez Algeria Manchester City
89%
2019 10 Riyad Mahrez Algeria Manchester City
89%
2016 7 Riyad Mahrez Algeria Leicester City
89%
2007 12 Ronaldinho Brazil Barcelona
89%
2006 4 Ronaldinho Brazil Barcelona
89%
2005 1 Ronaldinho Brazil Barcelona
89%
2004 3 Ronaldinho Brazil Barcelona
89%
2003 22 Ronaldinho Brazil Paris Saint-Germain/Barcelona
89%
2002 12 Ronaldinho Brazil Paris Saint-Germain
89%
2019 16 Sergio Agüero Argentina Manchester City
89%
2018 16 Sergio Agüero Argentina Manchester City
89%
2016 20 Sergio Agüero Argentina Manchester City
89%
2015 13 Sergio Agüero Argentina Manchester City
89%
2012 17 Sergio Agüero Argentina Manchester City
89%
2011 17 Sergio Agüero Argentina Atlético Madrid/Manchester City
89%
2008 14 Sergio Agüero Argentina Atlético Madrid
89%
2016 20 Thomas Müller Germany Bayern Munich
89%
2015 6 Thomas Müller Germany Bayern Munich
89%
2014 5 Thomas Müller Germany Bayern Munich
89%
2013 17 Thomas Müller Germany Bayern Munich
89%
2011 13 Thomas Müller Germany Bayern Munich
89%
2010 15 Thomas Müller Germany Bayern Munich
89%
2024 22 Antonio Rüdiger Germany Real Madrid
88%
2022 25 Antonio Rüdiger Germany Chelsea
88%
2024 13 Dani Olmo Spain RB Leipzig/Barcelona
88%
2013 3 Franck Ribéry France Bayern Munich
88%
2009 28 Franck Ribéry France Bayern Munich
88%
2008 16 Franck Ribéry France Bayern Munich
88%
2007 17 Franck Ribéry France Marseille/Bayern Munich
88%
2006 13 Franck Ribéry France Marseille
88%
2022 17 Luis Díaz Colombia Porto/Liverpool
88%
2024 19 Martin Ødegaard Norway Arsenal
88%
2023 28 Martin Ødegaard Norway Arsenal
88%
2024 23 Rúben Dias Portugal Manchester City
88%
2023 30 Rúben Dias Portugal Manchester City
88%
2021 26 Rúben Dias Portugal Manchester City
88%
2011 8 Samuel Eto'o Cameroon Inter Milan/Anzhi Makhachkala
88%
2010 12 Samuel Eto'o Cameroon Inter Milan
88%
2009 5 Samuel Eto'o Cameroon Barcelona/Inter Milan
88%
2008 17 Samuel Eto'o Cameroon Barcelona
88%
2007 30 Samuel Eto'o Cameroon Barcelona
88%
2006 6 Samuel Eto'o Cameroon Barcelona
88%
2005 10 Samuel Eto'o Cameroon Barcelona
88%
2004 15 Samuel Eto'o Cameroon Mallorca/Barcelona
88%
2003 27 Samuel Eto'o Cameroon Mallorca
88%
2023 8 Victor Osimhen Nigeria Napoli
88%
2024 21 Bukayo Saka England Arsenal
87%
2023 24 Bukayo Saka England Arsenal
87%
2024 17 Federico Valverde Uruguay Real Madrid
87%
2024 12 Florian Wirtz Germany Bayer Leverkusen
87%
2015 19 James Rodríguez Colombia Real Madrid
87%
2014 8 James Rodríguez Colombia Monaco/Real Madrid
87%
2023 22 Kim Min-jae South Korea Napoli/Bayern Munich
87%
2018 15 Paul Pogba France Manchester United
87%
2016 14 Paul Pogba France Juventus/Manchester United
87%
2015 15 Paul Pogba France Juventus
87%
2014 22 Paul Pogba France Juventus
87%
2013 7 Robin van Persie Netherlands Manchester United
87%
2012 9 Robin van Persie Netherlands Arsenal/Manchester United
87%
2007 30 Robin van Persie Netherlands Arsenal
87%
2018 19 Sergio Ramos Spain Real Madrid
87%
2017 6 Sergio Ramos Spain Real Madrid
87%
2016 20 Sergio Ramos Spain Real Madrid
87%
2014 23 Sergio Ramos Spain Real Madrid
87%
2012 18 Sergio Ramos Spain Real Madrid
87%
2008 21 Sergio Ramos Spain Real Madrid
87%
2012 15 Wayne Rooney England Manchester United
87%
2011 5 Wayne Rooney England Manchester United
87%
2009 8 Wayne Rooney England Manchester United
87%
2008 13 Wayne Rooney England Manchester United
87%
2007 26 Wayne Rooney England Manchester United
87%
2006 27 Wayne Rooney England Manchester United
87%
2005 25 Wayne Rooney England Manchester United
87%
2004 8 Wayne Rooney England Everton
87%
2019 7 Alisson Becker Brazil Liverpool
86%
2018 25 Alisson Becker Brazil Roma/Liverpool
86%
2023 7 Julián Alvarez Argentina Manchester City
86%
2021 12 Romelu Lukaku Belgium Inter Milan/Chelsea
86%
2006 5 Zinedine Zidane France Real Madrid
86%
2005 18 Zinedine Zidane France Real Madrid
86%
2004 23 Zinedine Zidane France Real Madrid
86%
2003 5 Zinedine Zidane France Real Madrid
86%
2002 4 Zinedine Zidane France Real Madrid
86%
2001 9 Zinedine Zidane France Real Madrid
86%
2000 2 Zinedine Zidane France Juventus
86%
2015 10 Alexis Sánchez Chile Arsenal
85%
2014 10 Ángel Di María Argentina Real Madrid/Manchester United
85%
2007 36 David Beckham England Real Madrid/LA Galaxy
85%
2005 25 David Beckham England Real Madrid
85%
2004 30 David Beckham England Real Madrid
85%
2003 10 David Beckham England Manchester United/Real Madrid
85%
2002 27 David Beckham England Manchester United
85%
2001 4 David Beckham England Manchester United
85%
2000 10 David Beckham England Manchester United
85%
2009 11 Fernando Torres Spain Liverpool
85%
2008 3 Fernando Torres Spain Liverpool
85%
2007 36 Fernando Torres Spain Atlético Madrid/Liverpool
85%
2006 27 Fernando Torres Spain Atlético Madrid
85%
2023 14 İlkay Gündoğan Germany Manchester City
85%
2021 3 Jorginho Italy Chelsea
85%
2009 10 Steven Gerrard England Liverpool
85%
2008 10 Steven Gerrard England Liverpool
85%
2007 13 Steven Gerrard England Liverpool
85%
2006 27 Steven Gerrard England Liverpool
85%
2005 3 Steven Gerrard England Liverpool
85%
2001 25 Steven Gerrard England Liverpool
85%
2015 12 Yaya Touré Ivory Coast Manchester City
85%
2014 14 Yaya Touré Ivory Coast Manchester City
85%
2013 12 Yaya Touré Ivory Coast Manchester City
85%
2012 12 Yaya Touré Ivory Coast Manchester City
85%
2009 28 Yaya Touré Ivory Coast Barcelona
85%
2006 27 Andriy Shevchenko Ukraine Milan/Chelsea
84%
2005 5 Andriy Shevchenko Ukraine Milan
84%
2004 1 Andriy Shevchenko Ukraine Milan
84%
2003 4 Andriy Shevchenko Ukraine Milan
84%
2001 8 Andriy Shevchenko Ukraine Milan
84%
2000 3 Andriy Shevchenko Ukraine Milan
84%
2024 25 Cole Palmer England Chelsea
84%
2009 21 Frank Lampard England Chelsea
84%
2008 15 Frank Lampard England Chelsea
84%
2006 17 Frank Lampard England Chelsea
84%
2005 2 Frank Lampard England Chelsea
84%
2004 17 Frank Lampard England Chelsea
84%
2016 8 Jamie Vardy England Leicester City
84%
2007 36 Kolo Touré Ivory Coast Arsenal
84%
2019 20 Pierre-Emerick Aubameyang Gabon Arsenal
84%
2017 21 Pierre-Emerick Aubameyang Gabon Borussia Dortmund
84%
2016 11 Pierre-Emerick Aubameyang Gabon Borussia Dortmund
84%
2019 17 Roberto Firmino Brazil Liverpool
84%
2018 19 Roberto Firmino Brazil Liverpool
84%
2013 10 Andrea Pirlo Italy Juventus
83%
2012 7 Andrea Pirlo Italy Juventus
83%
2007 5 Andrea Pirlo Italy Milan
83%
2006 9 Andrea Pirlo Italy Milan
83%
2005 25 Andrea Pirlo Italy Milan
83%
2004 30 Andrea Pirlo Italy Milan
83%
2021 21 Bruno Fernandes Portugal Manchester United
83%
2007 24 Fabio Cannavaro Italy Real Madrid
83%
2006 1 Fabio Cannavaro Italy Juventus/Real Madrid
83%
2005 25 Fabio Cannavaro Italy Juventus
83%
2019 11 Frenkie de Jong Netherlands Ajax/Barcelona
83%
2024 16 Granit Xhaka Switzerland Bayer Leverkusen
83%
2012 6 Iker Casillas Spain Real Madrid
83%
2011 9 Iker Casillas Spain Real Madrid
83%
2010 7 Iker Casillas Spain Real Madrid
83%
2009 16 Iker Casillas Spain Real Madrid
83%
2008 4 Iker Casillas Spain Real Madrid
83%
2007 27 Iker Casillas Spain Real Madrid
83%
2003 27 Iker Casillas Spain Real Madrid
83%
2002 27 Iker Casillas Spain Real Madrid
83%
2024 15 Nico Williams Spain Athletic Bilbao
83%
2007 18 Paolo Maldini Italy Milan
83%
2005 6 Paolo Maldini Italy Milan
83%
2004 28 Paolo Maldini Italy Milan
83%
2003 3 Paolo Maldini Italy Milan
83%
2002 27 Paolo Maldini Italy Milan
83%
2000 10 Paolo Maldini Italy Milan
83%
2024 24 William Saliba France Arsenal
83%
2023 23 André Onana Cameroon Inter Milan/Manchester United
82%
2018 22 Edinson Cavani Uruguay Paris Saint-Germain
82%
2017 11 Edinson Cavani Uruguay Paris Saint-Germain
82%
2013 20 Edinson Cavani Uruguay Napoli/Paris Saint-Germain
82%
2021 10 Gianluigi Donnarumma Italy Milan/Paris Saint-Germain
82%
2018 19 Ivan Rakitić Croatia Barcelona
82%
2015 23 Ivan Rakitić Croatia Barcelona
82%
2023 17 Khvicha Kvaratskhelia Georgia Napoli
82%
2005 25 Luís Figo Portugal Real Madrid/Inter Milan
82%
2004 22 Luís Figo Portugal Real Madrid
82%
2003 27 Luís Figo Portugal Real Madrid
82%
2002 19 Luís Figo Portugal Real Madrid
82%
2001 6 Luís Figo Portugal Real Madrid
82%
2000 1 Luís Figo Portugal Barcelona/Real Madrid
82%
2022 22 Trent Alexander-Arnold England Liverpool
82%
2019 19 Trent Alexander-Arnold England Liverpool
82%
2024 27 Vitinha Portugal Paris Saint-Germain
82%
2012 11 Xabi Alonso Spain Real Madrid
82%
2011 16 Xabi Alonso Spain Real Madrid
82%
2010 10 Xabi Alonso Spain Real Madrid
82%
2024 26 Declan Rice England Arsenal
81%
2021 12 Giorgio Chiellini Italy Juventus
81%
2018 25 Jan Oblak Slovenia Atlético Madrid
81%
2017 26 Jan Oblak Slovenia Atlético Madrid
81%
2013 16 Mesut Özil Germany Real Madrid/Arsenal
81%
2012 14 Mesut Özil Germany Real Madrid
81%
2011 11 Mesut Özil Germany Real Madrid
81%
2010 13 Mesut Özil Germany Real Madrid
81%
2024 14 Ademola Lookman Nigeria Atalanta
80%
2011 14 David Villa Spain Barcelona
80%
2010 8 David Villa Spain Valencia/Barcelona
80%
2009 26 David Villa Spain Valencia
80%
2008 7 David Villa Spain Valencia
80%
2007 36 David Villa Spain Valencia
80%
2006 25 David Villa Spain Valencia
80%
2017 28 Edin Džeko Bosnia Roma
80%
2009 13 Edin Džeko Bosnia Wolfsburg
80%
2012 21 Gerard Piqué Spain Barcelona
80%
2011 23 Gerard Piqué Spain Barcelona
80%
2019 23 Hugo Lloris France Tottenham Hotspur
80%
2018 29 Hugo Lloris France Tottenham Hotspur
80%
2016 20 Hugo Lloris France Tottenham Hotspur
80%
2018 22 Marcelo Brazil Real Madrid
80%
2017 16 Marcelo Brazil Real Madrid
80%
2005 23 Pavel Nedvěd Czech Republic Juventus
80%
2004 7 Pavel Nedvěd Czech Republic Juventus
80%
2003 1 Pavel Nedvěd Czech Republic Juventus
80%
2001 28 Pavel Nedvěd Czech Republic Lazio/Juventus
80%
2000 22 Pavel Nedvěd Czech Republic Lazio
80%
2008 24 Ruud van Nistelrooy Netherlands Real Madrid
80%
2007 6 Ruud van Nistelrooy Netherlands Real Madrid
80%
2005 25 Ruud van Nistelrooy Netherlands Manchester United
80%
2004 9 Ruud van Nistelrooy Netherlands Manchester United
80%
2003 6 Ruud van Nistelrooy Netherlands Manchester United
80%
2002 13 Ruud van Nistelrooy Netherlands Manchester United
80%
2012 20 Sergio Busquets Spain Barcelona
80%
2016 14 Arturo Vidal Chile Bayern Munich
79%
2015 17 Arturo Vidal Chile Juventus/Bayern Munich
79%
2010 11 Carles Puyol Spain Barcelona
79%
2006 17 Carles Puyol Spain Barcelona
79%
2021 14 Leonardo Bonucci Italy Juventus
79%
2017 21 Leonardo Bonucci Italy Juventus/Milan
79%
2019 24 Marc-André ter Stegen Germany Barcelona
79%
2021 24 Pedri Spain Barcelona
79%
2016 9 Pepe Portugal Real Madrid
79%
2008 26 Pepe Portugal Real Madrid
79%
2022 14 Rafael Leão Portugal Milan
79%
2009 14 Ryan Giggs Wales Manchester United
79%
2007 30 Ryan Giggs Wales Manchester United
79%
2002 27 Ryan Giggs Wales Manchester United
79%
2001 28 Ryan Giggs Wales Manchester United
79%
2000 31 Ryan Giggs Wales Manchester United
79%
2011 12 Wesley Sneijder Netherlands Inter Milan
79%
2010 4 Wesley Sneijder Netherlands Inter Milan
79%
2022 17 Casemiro Brazil Real Madrid
78%
2014 11 Diego Costa Spain Atlético Madrid/Chelsea
78%
2011 7 Diego Forlán Uruguay Atlético Madrid/Inter Milan
78%
2010 5 Diego Forlán Uruguay Atlético Madrid
78%
2009 19 Diego Forlán Uruguay Atlético Madrid
78%
2005 25 Diego Forlán Uruguay Villarreal
78%
2022 14 Fabinho Brazil Liverpool
78%
2016 20 Gonzalo Higuaín Argentina Napoli/Juventus
78%
2024 20 Hakan Çalhanoğlu Turkey Inter Milan
78%
2005 25 Michael Owen England Real Madrid/Newcastle United
78%
2003 27 Michael Owen England Liverpool
78%
2002 13 Michael Owen England Liverpool
78%
2001 1 Michael Owen England Liverpool
78%
2009 16 Nemanja Vidić Serbia Manchester United
78%
2008 21 Nemanja Vidić Serbia Manchester United
78%
2007 19 Petr Čech Czech Republic Chelsea
78%
2005 14 Petr Čech Czech Republic Chelsea
78%
2004 30 Petr Čech Czech Republic Chelsea
78%
2018 7 Raphaël Varane France Real Madrid
78%
2001 25 Rui Costa Portugal Milan
78%
2000 24 Rui Costa Portugal Fiorentina
78%
2011 21 Cesc Fàbregas Spain Arsenal/Barcelona
77%
2010 20 Cesc Fàbregas Spain Arsenal
77%
2009 12 Cesc Fàbregas Spain Arsenal
77%
2008 19 Cesc Fàbregas Spain Arsenal
77%
2007 8 Cesc Fàbregas Spain Arsenal
77%
2006 27 Cesc Fàbregas Spain Arsenal
77%
2011 19 Dani Alves Brazil Barcelona
77%
2010 23 Dani Alves Brazil Barcelona
77%
2007 15 Dani Alves Brazil Sevilla
77%
2007 10 Francesco Totti Italy Roma
77%
2004 30 Francesco Totti Italy Roma
77%
2003 18 Francesco Totti Italy Roma
77%
2002 27 Francesco Totti Italy Roma
77%
2001 5 Francesco Totti Italy Roma
77%
2000 14 Francesco Totti Italy Roma
77%
2015 14 Javier Mascherano Argentina Barcelona
77%
2014 19 Javier Mascherano Argentina Barcelona
77%
2022 25 Joshua Kimmich Germany Bayern Munich
77%
2019 15 Matthijs de Ligt Netherlands Ajax/Juventus
77%
2017 24 Radamel Falcao Colombia Monaco
77%
2013 11 Radamel Falcao Colombia Atlético Madrid/Monaco
77%
2012 5 Radamel Falcao Colombia Atlético Madrid
77%
2014 18 Bastian Schweinsteiger Germany Bayern Munich
76%
2013 17 Bastian Schweinsteiger Germany Bayern Munich
76%
2011 15 Bastian Schweinsteiger Germany Bayern Munich
76%
2010 16 Bastian Schweinsteiger Germany Bayern Munich
76%
2006 27 Bastian Schweinsteiger Germany Bayern Munich
76%
2018 28 Diego Godín Uruguay Atlético Madrid
76%
2016 20 Diego Godín Uruguay Atlético Madrid
76%
2022 17 Dušan Vlahović Serbia Fiorentina/Juventus
76%
2024 29 Mats Hummels Germany Borussia Dortmund
76%
2017 27 Mats Hummels Germany Bayern Munich
76%
2002 8 Rivaldo Brazil Barcelona/Milan
76%
2001 7 Rivaldo Brazil Barcelona
76%
2000 6 Rivaldo Brazil Barcelona
76%
2024 28 Álex Grimaldo Spain Bayer Leverkusen
75%
2023 26 Jamal Musiala Germany Bayern Munich
75%
2007 36 Raúl González Spain Real Madrid
75%
2005 25 Raúl González Spain Real Madrid
75%
2003 7 Raúl González Spain Real Madrid
75%
2002 7 Raúl González Spain Real Madrid
75%
2001 2 Raúl González Spain Real Madrid
75%
2000 9 Raúl González Spain Real Madrid
75%
2021 15 Raheem Sterling England Manchester City
74%
2019 12 Raheem Sterling England Manchester City
74%
2005 25 Roberto Carlos Brazil Real Madrid
74%
2003 8 Roberto Carlos Brazil Real Madrid
74%
2002 2 Roberto Carlos Brazil Real Madrid
74%
2001 18 Roberto Carlos Brazil Real Madrid
74%
2000 14 Roberto Carlos Brazil Real Madrid
74%
2009 26 John Terry England Chelsea
73%
2006 20 John Terry England Chelsea
73%
2005 11 John Terry England Chelsea
73%
2018 25 Mario Mandžukić Croatia Juventus
73%
2008 19 Michael Ballack Germany Chelsea
73%
2006 27 Michael Ballack Germany Bayern Munich/Chelsea
73%
2005 14 Michael Ballack Germany Bayern Munich
73%
2003 20 Michael Ballack Germany Bayern Munich
73%
2002 5 Michael Ballack Germany Bayer Leverkusen/Bayern Munich
73%
2017 15 Paulo Dybala Argentina Juventus
73%
2016 20 Paulo Dybala Argentina Juventus
73%
2007 36 Deco Portugal Barcelona
72%
2006 11 Deco Portugal Barcelona
72%
2005 25 Deco Portugal Barcelona
72%
2004 2 Deco Portugal Porto/Barcelona
72%
2003 13 Deco Portugal Porto
72%
2019 28 João Félix Portugal Benfica/Atlético Madrid
72%
2012 23 Mario Balotelli Italy Manchester City
72%
2023 27 Nicolò Barella Italy Inter Milan
72%
2021 26 Nicolò Barella Italy Inter Milan
72%
2007 36 Paul Scholes England Manchester United
72%
2004 30 Paul Scholes England Manchester United
72%
2003 27 Paul Scholes England Manchester United
72%
2001 28 Paul Scholes England Manchester United
72%
2000 31 Paul Scholes England Manchester United
72%
2018 29 Isco Spain Real Madrid
71%
2017 12 Isco Spain Real Madrid
71%
2006 14 Patrick Vieira France Juventus/Inter Milan
71%
2005 25 Patrick Vieira France Arsenal/Juventus
71%
2004 30 Patrick Vieira France Arsenal
71%
2003 27 Patrick Vieira France Arsenal
71%
2002 15 Patrick Vieira France Arsenal
71%
2001 28 Patrick Vieira France Arsenal
71%
2017 20 David de Gea Spain Manchester United
70%
2023 25 Joško Gvardiol Croatia RB Leipzig
70%
2019 28 Marquinhos Brazil Paris Saint-Germain
70%
2007 24 Michael Essien Ghana Chelsea
70%
2006 27 Michael Essien Ghana Chelsea
70%
2005 22 Michael Essien Ghana Lyon/Chelsea
70%
2023 13 Yassine Bounou Morocco Sevilla
70%
2007 30 Carlos Tevez Argentina West Ham United/Manchester United
69%
2022 25 Darwin Núñez Uruguay Benfica
68%
2016 17 Dimitri Payet France West Ham United
68%
2022 25 João Cancelo Portugal Manchester City
68%
2002 21 Rio Ferdinand England Leeds United/Manchester United
68%
2001 28 Rio Ferdinand England Leeds United
68%
2017 29 Dries Mertens Belgium Napoli
67%
2019 20 Dušan Tadić Serbia Ajax
67%
2004 30 Alessandro Nesta Italy Milan
66%
2003 13 Alessandro Nesta Italy Milan
66%
2001 14 Alessandro Nesta Italy Lazio
66%
2000 5 Alessandro Nesta Italy Lazio
66%
2024 29 Artem Dovbyk Ukraine Girona
66%
2011 18 Eric Abidal France Barcelona
66%
2007 36 Eric Abidal France Lyon/Barcelona
66%
2019 26 Georginio Wijnaldum Netherlands Liverpool
66%
2006 27 Joe Cole England Chelsea
66%
2019 24 Kalidou Koulibaly Senegal Napoli
66%
2010 21 Miroslav Klose Germany Bayern Munich
66%
2007 36 Miroslav Klose Germany Werder Bremen/Bayern Munich
66%
2006 7 Miroslav Klose Germany Werder Bremen
66%
2002 27 Miroslav Klose Germany Kaiserslautern
66%
2011 22 Nani Portugal Manchester United
66%
2017 29 Philippe Coutinho Brazil Liverpool
66%
2023 28 Randal Kolo Muani France Eintracht Frankfurt
66%
2021 29 César Azpilicueta Spain Chelsea
64%
2009 21 Andrey Arshavin Russia Arsenal
63%
2008 6 Andrey Arshavin Russia Zenit
63%
2014 21 David Luiz Brazil Chelsea
63%
2016 20 Koke Spain Atlético Madrid
63%
2006 27 Claude Makélélé France Chelsea
62%
2005 13 Claude Makélélé France Chelsea
62%
2003 27 Claude Makélélé France Real Madrid/Chelsea
62%
2002 27 Claude Makélélé France Real Madrid
62%
2007 30 Dimitar Berbatov Bulgaria Tottenham Hotspur
62%
2022 25 Mike Maignan France Milan
62%
2014 15 Mario Götze Germany Bayern Munich
61%
2021 17 Simon Kjær Denmark Milan
61%
2003 13 Alessandro Del Piero Italy Juventus
60%
2002 10 Alessandro Del Piero Italy Juventus
60%
2001 28 Alessandro Del Piero Italy Juventus
60%
2008 24 Edwin van der Sar Netherlands Manchester United
60%
2008 12 Emmanuel Adebayor Togo Arsenal
60%
2004 30 Henrik Larsson Sweden Celtic/Barcelona
60%
2003 12 Henrik Larsson Sweden Celtic
60%
2001 14 Henrik Larsson Sweden Celtic
60%
2006 27 Lilian Thuram France Juventus/Barcelona
60%
2005 25 Lilian Thuram France Juventus
60%
2003 27 Lilian Thuram France Juventus
60%
2001 28 Lilian Thuram France Parma/Juventus
60%
2010 17 Maicon Brazil Inter Milan
60%
2009 24 Maicon Brazil Inter Milan
60%
2002 15 Cafu Brazil Roma
59%
2001 28 Cafu Brazil Roma
59%
2022 25 Christopher Nkunku France RB Leipzig
59%
2007 16 Filippo Inzaghi Italy Milan
59%
2003 22 Filippo Inzaghi Italy Milan
59%
2002 24 Filippo Inzaghi Italy Milan
59%
2000 31 Filippo Inzaghi Italy Juventus
59%
2005 25 Park Ji-sung South Korea PSV/Manchester United
59%
2007 9 Robinho Brazil Real Madrid
59%
2005 25 Robinho Brazil Real Madrid
59%
2022 13 Sébastien Haller Ivory Coast Ajax
59%
2007 19 Clarence Seedorf Netherlands Milan
58%
2004 30 Clarence Seedorf Netherlands Milan
58%
2006 20 Juninho Pernambucano Brazil Lyon
58%
2005 12 Juninho Pernambucano Brazil Lyon
58%
2004 30 Juninho Pernambucano Brazil Lyon
58%
2021 19 Mason Mount England Chelsea
58%
2010 19 Júlio César Brazil Inter Milan
57%
2009 21 Júlio César Brazil Inter Milan
57%
2008 26 Luca Toni Italy Bayern Munich
57%
2007 36 Luca Toni Italy Bayern Munich
57%
2006 20 Luca Toni Italy Fiorentina
57%
2004 28 Vicente Rodríguez Spain Valencia
57%
2005 25 David Trezeguet France Juventus
56%
2003 27 David Trezeguet France Juventus
56%
2002 27 David Trezeguet France Juventus
56%
2001 12 David Trezeguet France Juventus
56%
2000 22 David Trezeguet France Juventus
56%
2005 7 Adriano Brazil Inter Milan
55%
2004 6 Adriano Brazil Parma/Inter Milan
55%
2005 25 Dida Brazil Milan
55%
2003 13 Dida Brazil Milan
55%
2007 19 Gennaro Gattuso Italy Milan
55%
2006 14 Gennaro Gattuso Italy Milan
55%
2019 28 Donny van de Beek Netherlands Ajax
54%
2006 10 Jens Lehmann Germany Arsenal
54%
2004 9 Ricardo Carvalho Portugal Porto/Chelsea
54%
2007 14 Juan Román Riquelme Argentina Villarreal/Boca Juniors
53%
2006 27 Juan Román Riquelme Argentina Villarreal
53%
2005 14 Juan Román Riquelme Argentina Villarreal
53%
2006 27 Tim Cahill Australia Everton
53%
2003 27 Robert Pires France Arsenal
52%
2001 28 Robert Pires France Arsenal
52%
2004 17 Fernando Morientes Spain Monaco/Real Madrid
51%
2000 31 Dennis Bergkamp Netherlands Arsenal
50%
2021 26 Gerard Moreno Spain Villarreal
50%
2001 16 Hernán Crespo Argentina Lazio
50%
2000 31 Hernán Crespo Argentina Parma/Lazio
50%
2002 19 Lúcio Brazil Bayer Leverkusen
50%
2000 27 Roy Keane Ireland Manchester United
48%
2005 20 Jamie Carragher England Liverpool
47%
2000 31 Nicolas Anelka France Real Madrid/Paris Saint-Germain
47%
2006 20 Gianluca Zambrotta Italy Juventus/Barcelona
46%
2003 27 Gianluca Zambrotta Italy Juventus
46%
2001 16 Juan Sebastián Verón Argentina Lazio/Manchester United
46%
2000 27 Juan Sebastián Verón Argentina Lazio
46%
2000 18 Edgar Davids Netherlands Juventus
45%
2004 30 Fabien Barthez France Manchester United/Marseille
45%
2001 28 Fabien Barthez France Manchester United
45%
2000 12 Fabien Barthez France Manchester United
45%
2001 28 Gabriel Batistuta Argentina Roma
45%
2000 7 Gabriel Batistuta Argentina Roma
45%
2006 17 Lukas Podolski Germany Köln/Bayern Munich
45%
2016 12 Rui Patrício Portugal Sporting CP
43%
2001 28 Marcel Desailly France Chelsea
42%
2000 24 Marcel Desailly France Chelsea
42%
2010 18 Asamoah Gyan Ghana Sunderland
41%
2007 36 Florent Malouda France Lyon/Chelsea
40%
2006 27 Florent Malouda France Lyon
40%
2000 31 Jaap Stam Netherlands Manchester United
40%
2003 27 Patrick Kluivert Netherlands Barcelona
40%
2002 27 Patrick Kluivert Netherlands Barcelona
40%
2001 28 Patrick Kluivert England Barcelona
40%
2000 17 Patrick Kluivert Netherlands Barcelona
40%
2006 27 William Gallas France Chelsea/Arsenal
40%
2003 27 Sol Campbell England Arsenal
39%
2000 27 Laurent Blanc France Inter Milan
38%
2007 36 Mahamadou Diarra Mali Real Madrid
37%
2006 27 Mahamadou Diarra Mali Real Madrid
37%
2005 25 Roy Makaay Netherlands Bayern Munich
37%
2003 13 Roy Makaay Netherlands Deportivo La Coruña/Bayern Munich
37%
2002 24 Roy Makaay Netherlands Deportivo La Coruña
37%
2006 27 Tiago Mendes Portugal Lyon
37%
2003 27 Christian Vieri Italy Inter Milan
36%
2002 27 Christian Vieri Italy Inter Milan
36%
2009 25 Diego Ribas Brazil Werder Bremen/Juventus
36%
2007 36 Diego Ribas Brazil Werder Bremen
36%
2001 11 Bixente Lizarazu France Bayern Munich
35%
2006 27 Ludovic Giuly France Barcelona
35%
2004 24 Ludovic Giuly France Monaco/Barcelona
35%
2003 27 Ludovic Giuly France Monaco
35%
2004 30 Djibril Cissé France Auxerre/Liverpool
34%
2002 27 Djibril Cissé France Auxerre
34%
2008 26 Rafael van der Vaart Netherlands Real Madrid
34%
2004 12 Milan Baroš Czech Republic Liverpool
31%
2000 31 Didier Deschamps France Chelsea/Valencia
30%
2005 25 Mark van Bommel Netherlands PSV/Barcelona
30%
2001 25 Roberto Baggio Italy Brescia
30%
2002 27 Tomáš Rosický Czech Republic Borussia Dortmund
30%
2009 20 Yoann Gourcuff France Bordeaux
30%
2009 16 Luís Fabiano Brazil Sevilla
29%
2005 23 Luis García Spain Liverpool
29%
2003 27 Pauleta Portugal Bordeaux/Paris Saint-Germain
29%
2002 27 Pauleta Portugal Bordeaux
29%
2001 28 Pauleta Portugal Bordeaux
29%
2007 36 Ricardo Quaresma Portugal Porto
28%
2001 18 Sami Hyypiä Finland Liverpool
28%
2003 22 Adrian Mutu Romania Parma/Chelsea
27%
2001 18 Gaizka Mendieta Spain Valencia/Lazio
27%
2000 8 Gaizka Mendieta Spain Valencia
27%
2007 36 Shunsuke Nakamura Japan Celtic
27%
2006 27 Cris Brazil Lyon
25%
2005 25 Cris Brazil Lyon
25%
2006 27 Fabio Grosso Italy Palermo/Inter Milan
25%
2000 18 Hakan Şükür Turkey Inter Milan
25%
2003 27 Sylvain Wiltord France Arsenal
25%
2002 27 Sylvain Wiltord France Arsenal
25%
2000 31 Sylvain Wiltord France Bordeaux/Arsenal
25%
2006 27 Willy Sagnol France Bayern Munich
25%
2001 28 Harry Kewell Australia Leeds United
24%
2001 28 Jimmy Floyd Hasselbaink Netherlands Chelsea
24%
2000 31 Nuno Gomes Portugal Benfica/Fiorentina
24%
2000 27 Claudio López Argentina Valencia/Lazio
23%
2007 11 Frédéric Kanouté Mali Sevilla
23%
2001 28 Hidetoshi Nakata Japan Roma/Parma
23%
2003 27 Giovane Élber Brazil Bayern Munich/Lyon
22%
2001 18 Giovane Élber Brazil Bayern Munich
22%
2004 30 José Antonio Reyes Spain Sevilla/Arsenal
22%
2002 27 Sonny Anderson Brazil Lyon
22%
2001 28 Sonny Anderson Brazil Lyon
22%
2000 31 Sonny Anderson Brazil Lyon
22%
2002 21 El Hadji Diouf Senegal Lens/Liverpool
21%
2003 22 Jan Koller Czech Republic Borussia Dortmund
21%
2004 11 Angelos Charisteas Greece Werder Bremen
20%
2000 18 Fernando Redondo Argentina Real Madrid/Milan
20%
2002 27 Javier Saviola Argentina Barcelona
20%
2008 11 Marcos Senna Spain Villarreal
20%
2007 30 Guillermo Ochoa Mexico Club América
18%
2003 27 Míchel Salgado Spain Real Madrid
18%
2001 13 Stefan Effenberg Germany Bayern Munich
18%
2003 27 Pablo Aimar Argentina Valencia
17%
2002 27 Pablo Aimar Argentina Valencia
17%
2003 27 Cristian Chivu Romania Ajax/Roma
16%
2006 27 Grégory Coupet France Lyon
16%
2005 25 Grégory Coupet France Lyon
16%
2004 24 Maniche Portugal Porto
16%
2004 30 Roberto Ayala Argentina Valencia
16%
2005 25 Emerson Brazil Juventus
15%
2004 30 Emerson Brazil Roma/Juventus
15%
2003 22 Francesco Toldo Italy Inter Milan
15%
2000 14 Francesco Toldo Italy Fiorentina
15%
2002 27 Luis Enrique Spain Barcelona
15%
2005 25 Mauro Camoranesi Italy Juventus
14%
2001 28 Samuel Kuffour Ghana Bayern Munich
14%
2001 18 Ebbe Sand Denmark Schalke
13%
2004 30 Johan Micoud France Werder Bremen
13%
2004 5 Theodoros Zagorakis Greece AEK Athens/Bologna
13%
2002 15 Bernd Schneider Germany Bayer Leverkusen
12%
2001 28 Iván Helguera Spain Real Madrid
12%
2002 27 Jon Dahl Tomasson Denmark Feyenoord/Milan
12%
2002 9 Yıldıray Baştürk Turkey Bayer Leverkusen
12%
2000 31 Álvaro Recoba Uruguay Inter Milan
11%
2001 28 Vincent Candela France Roma
11%
2008 26 Yuri Zhirkov Russia CSKA Moscow
11%
2004 30 Aílton Brazil Werder Bremen/Schalke
10%
2002 27 Edmílson Brazil Lyon
10%
2000 18 Mario Jardel Brazil Galatasaray
10%
2007 27 Rogério Ceni Brazil São Paulo
10%
2004 24 Rubén Baraja Spain Valencia
10%
2002 24 Rubén Baraja Spain Valencia
10%
2002 21 Papa Bouba Diop Senegal Lens
9%
2004 24 Antonis Nikopolidis Greece Panathinaikos/Olympiacos
8%
2002 15 Juan Carlos Valerón Spain Deportivo La Coruña
8%
2004 17 Traianos Dellas Greece Roma
8%
2000 31 Boudewijn Zenden Netherlands Barcelona
7%
2000 31 Geremi Njitap Cameroon Real Madrid
7%
2002 27 Marc Wilmots Belgium Bordeaux
6%
2003 18 Nihat Kahveci Turkey Real Sociedad
6%
2001 18 Damiano Tommasi Italy Roma
5%
2003 27 Darko Kovačević Serbia & Montenegro Real Sociedad
5%
2006 27 Édison Méndez Ecuador LDU Quito/PSV
5%
2004 30 Giourkas Seitaridis Greece Panathinaikos/Porto
5%
2002 11 Hasan Şaş Turkey Galatasaray
5%
2000 31 Marcelo Gallardo Argentina Monaco
5%
2000 31 Marco Simone Italy Monaco
5%
2000 12 Zlatko Zahovič Slovenia Olympiacos/Valencia
5%
2001 18 Emmanuel Olisadebe Poland Panathinaikos
4%
2002 27 Junichi Inamoto Japan Arsenal/Fulham
4%
2002 27 Pierre van Hooijdonk Netherlands Feyenoord
4%
2000 31 Savo Milošević Serbia & Montenegro Real Zaragoza/Parma
4%
2001 28 Eric Carrière France Nantes
3%
2003 27 Hatem Trabelsi Tunisia Ajax
3%
2000 31 Jocelyn Angloma France Valencia
3%
2000 31 Patrick Mboma Cameroon Cagliari/Parma
3%
2004 30 Michalis Kapsis Greece AEK Athens/Bordeaux
2%
2004 30 Mista Spain Valencia
2%
2002 27 Seol Ki-Hyeon South Korea Anderlecht
2%
2007 29 Younis Mahmoud Iraq Al-Gharafa
2%
No matching quizzes found
Score Distribution
Percent of People with Each Score
Percentile by Number Answered
Your Score History
You have not taken this quiz